Statistiche per Province della Sicilia (con mappa)

Clicka qui per fare il quiz!

Statistiche generali

  • Questo quiz è stato fatto 3.563 volte
  • Il punteggio medio è 8 su 9

Risposte nella Mappa

Le risposte nella mappa del quiz sottostante sono codificate secondo una scala di colori dal rosso al verde in base alla % di persone che hanno risposto correttamente.
 

Statistiche sulle risposte

Provincia% Corretto
Palermo
99%
Catania
95%
Messina
93%
Siracusa
85%
Agrigento
83%
Trapani
81%
Enna
79%
Caltanissetta
76%
Ragusa
76%

Distribuzione punteggi

Percentile per numero di risposta

Percentuale di utenti per punteggio

I tuoi punteggi nel tempo

Non hai fatto questo quiz